000
00319nam a2200145Ia 4500
100
_a
Sharma/Arun
650
_a
Aptitude
942
_c
BK
245
_a
How to prepare for Quantitative Aptitude
260
_b
Tata Mc Graw hill Ltd.
_c
2008
082
_a
371.2
_b
SHA
300
_a
523
546
_a
ENGLISH
999
_c
21362
_d
21362